000 nam a22 a 4500
999 _c141803
_d141803
003 BLK
005 20230116101529.0
008 180409b bul|||||r ||||||| ||bul||
010 _aKNG00147877000
040 _aBLK
041 _aBUL
_cBUL
080 _aБългарска литература
_b821.163.2
_x-93-1
_z821.163.2-93-1
100 1 _aПоптонев, Стефан Димов
_eпърви автор
_9364976
139 _aПоптонев, Стефан Димов
_bП 78
245 1 0 _aГнездо орлово
_bСтихове за юноши
_cСтефан Димов Поптонев; худож. Генчо Денчев.
257 _aBGR
260 _bБълг. писател
_c1965
_aСофия
300 _a91 с.
_bс ил.
_c21см
380 _aDX
500 _a4 100 тир.
700 1 _aДенчев, Генчо
_eхудож.
_gДръцков, Генчо Денчев
_9376947
852 _aЦб 261910
856 4 _qpdf
_i0.00
_ldisable
856 4 _qpdf
_i0.00
_ldisable
942 _cKNG
_n0
_s1
944 _aCR
_c31.07.2013
_l31.07.2013 - от С1,Р / 31.07.2013
_kЕлиза_Атанасова
944 _aED
_c31.07.2013
_l31.07.2013 - от С1,Р / 31.07.2013
999 _d141803